Weird Al Yankovic - Like A Surgeon Lyrics - Statistics

General Stats
  • This quiz has been taken 45 times
  • The average score is 27 of 35
Answer Stats
Lyrics % Correct
Hey, like a {surgeon}
100%
Like a {surgeon}
100%
Like a {surgeon}, ooh, like a {surgeon}
100%
{Cutting} for the very first time
95%
I was {last} in my class
95%
'Cause my patients {die}
92%
I finally made it through {med} {school}
92%
I still make a {mistake} or two
92%
Yeah, my patients {die}
92%
A {malpractice} suit
86%
Don't know how {long} he'll last
86%
Now I'm trying to {avoid}, yeah, I'm trying to {avoid}
86%
For the very last {time}
84%
Here's a {waiver} for you to sign
84%
I'm just an {intern}
84%
This {patient}'s fading fast
81%
Before they can {pay}
78%
I can hear your {heartbeat}
78%
Got your kidneys on my {mind}
76%
Organ {transplants} are my line
76%
It's a fact, I'm a {quack}
73%
And see what he {ate}
70%
I'll pull his {insides} out
68%
Pull his {insides} out
68%
{Somehow} I made it through
68%
Let me see that {I}.{V}.
65%
Here we go, time to {operate}
62%
And my {forceps}
59%
{Complications} have set in
59%
With my {scalpel}
59%
Barely passed at the {institute}
57%
Better give me all your {gauze}, nurse
54%
The {disgrace} of the A.M.A.
54%
When I {reach} inside
54%
And {retractors}
51%
No matching quizzes found
Score Distribution
Percent of People with Each Score
Percentile by Number Answered
Your Score History
You have not taken this quiz